La piel del cielo.

Saved in:
Bibliografiske detaljer
Hovedforfatter: Poniatowska, Elena (autora)
Format: Bog
Udgivet: Santiago, Chile: Alfaguara, 2001.
Fag:
Tags: Tilføj Tag
Ingen Tags, Vær først til at tagge denne postø!

MARC

LEADER 00000nam a22000007a 4500
003 CL-VaPUC
005 20241007162016.0
008 240916t2001 ||||| |||| 00| 0 eng d
999 |c 444768  |d 444766 
020 |a 956-239-154-X 
040 |c Pontificia Universidad Católica de Valparaíso 
082 7 |2 22  |a Me863 PON 2001 
100 |a Poniatowska, Elena  |9 522793  |e autora 
245 1 3 |a La piel del cielo. 
260 |a Santiago, Chile:  |b Alfaguara,  |c 2001. 
300 |a 473 páginas. 
500 |a c.1 Donación ELE. 9-09-2024 
583 |c 20240916  |k Catalogador Asistente 
650 0 |a Novelas mexicanas  |9 317570 
942 |2 ddc  |c BK 
952 |0 0  |1 0  |2 ddc  |4 0  |6 ME_863_000000000000000_PON_2001  |7 0  |8 A  |9 596812  |a BIBGIM  |b BIBGIM  |d 2024-09-16  |e Donación  |i 5662701  |o Me863 PON 2001  |p 5662701  |r 2025-01-15  |t 1  |w 2024-09-16  |y BK  |k ELE